Băng Nhi

Bewaard in:
Bibliografische gegevens
Hoofdauteur: Quỳnh Dao
Formaat: Boek
Taal:Undetermined
Gepubliceerd in: Hà Nội Hội Nhà văn 2003
Onderwerpen:
Tags: Voeg label toe
Geen labels, Wees de eerste die dit record labelt!
Thư viện lưu trữ: Trung tâm Học liệu Trường Đại học Cần Thơ
LEADER 00517nam a2200205Ia 4500
001 CTU_93560
008 210402s9999 xx 000 0 und d
020 |c 20000 
082 |a 895.13 
082 |b Qu609 
100 |a Quỳnh Dao 
245 0 |a Băng Nhi 
245 0 |c Quỳnh dao 
260 |a Hà Nội 
260 |b Hội Nhà văn 
260 |c 2003 
650 |a Chinese fiction 
650 |y 20th century (vietnemese) 
904 |i Trúc 
980 |a Trung tâm Học liệu Trường Đại học Cần Thơ